The eternal Hinduism/ (Record no. 298564)

MARC details
000 -LEADER
fixed length control field 00983nam a2200337 a 4500
001 - CONTROL NUMBER
control field vtls000341756
003 - CONTROL NUMBER IDENTIFIER
control field NLI
005 - DATE AND TIME OF LATEST TRANSACTION
control field 20210602162439.0
008 - FIXED-LENGTH DATA ELEMENTS--GENERAL INFORMATION
fixed length control field 110113s2005 ii gr 00 | eng |
020 #0 - INTERNATIONAL STANDARD BOOK NUMBER
International Standard Book Number 8124602492
Terms of availability Rs.360.00
039 #9 - LEVEL OF BIBLIOGRAPHIC CONTROL AND CODING DETAIL [OBSOLETE]
-- 201101131917
-- VLOAD
040 ## - CATALOGING SOURCE
Original cataloging agency NLI :
Language of cataloging eng
Transcribing agency NLMARC21
041 0# - LANGUAGE CODE
Language code of text/sound track or separate title eng
044 ## - COUNTRY OF PUBLISHING/PRODUCING ENTITY CODE
MARC country code ii
082 00 - DEWEY DECIMAL CLASSIFICATION NUMBER
Classification number 290
Edition number 22
100 10 - MAIN ENTRY--PERSONAL NAME
Personal name Saraswati, Baidyanath, 1932 -
9 (RLIN) 502542
245 10 - TITLE STATEMENT
Title The eternal Hinduism/
Statement of responsibility, etc. by Baidyanath Saraswati.
260 ## - PUBLICATION, DISTRIBUTION, ETC.
Place of publication, distribution, etc. New Delhi :
Name of publisher, distributor, etc. D. K. Printworld(P) Ltd,
Date of publication, distribution, etc. 2004.
300 ## - PHYSICAL DESCRIPTION
Extent viii,192 P.;
Dimensions 22 cm.
440 ## - SERIES STATEMENT/ADDED ENTRY--TITLE
Title Contemporary researches in Hindu philosophy & religion, no. 13
9 (RLIN) 504969
500 ## - GENERAL NOTE
General note Includes glossary and index.
504 ## - BIBLIOGRAPHY, ETC. NOTE
Bibliography, etc. note Includes bibliographical reference PP.179-184
650 ## - SUBJECT ADDED ENTRY--TOPICAL TERM
Topical term or geographic name entry element Hinduism.
9 (RLIN) 2835
650 ## - SUBJECT ADDED ENTRY--TOPICAL TERM
Topical term or geographic name entry element Philosophy, Hindu.
887 ## - NON-MARC INFORMATION FIELD
Content of non-MARC field sdas
901 ## - LOCAL DATA ELEMENT A, LDA (RLIN)
a DB 984
b 21.10.2005
902 ## - LOCAL DATA ELEMENT B, LDB (RLIN)
a E
904 ## - LOCAL DATA ELEMENT D, LDD (RLIN)
a sdas
942 ## - ADDED ENTRY ELEMENTS (KOHA)
Source of classification or shelving scheme Dewey Decimal Classification
Koha item type Books
Holdings
Withdrawn status Lost status Damaged status Not for loan Collection code Home library Current library Shelving location Date acquired Total Checkouts Full call number Date last seen Price effective from Koha item type
        New English National Library of India National Library of India New English - Main Stack Division     E 02/06/2021 02/06/2021 Books
                                                                           
web counter

Copyright ©2020 The National Library of India, Govt. of India ↔ Hosted by NVLI, MOC ↔ Technology and Design by National Library of India, Ministry of Culture, Govt. of India